LEADER 00663nam a2200169 i 4500 001 000000219082 003 CaOOAMICUS 005 20130306000000.0 008 130306s1832 xx u000 u lat u 013 $a197979 040 $aSeMil$bita 245 10$aLiber 5. Decretalium. 300 $a273, [1] c. di tav. ripieg. 773 0 $aZallinger zum Thurn, Jakob Anton <1735-1813>$tInstitutiones juris ecclesiastici maxime privati ordine decretalium.$dRomae : in Collegio Urbano, 1832.$g3$w()28170 850 $aSeMil 852 $aSeMil$W1$xVenegono$y1$m2J II 58 FA$j169451$B169451$CSeMilBibl$Z2$F180231 $8I 996 $6245$aLiber 5. Decretalium$9(OLS)http://semarc/title/314357 LEADER 01084nam a2200193 i 4500 001 000000056895 003 CaOOAMICUS 005 19970916000000.0 008 970916n it u000 u ita u 013 $a28067 040 $aSeMil$bita 100 1 $aVerrastro, Antonio.$0(OLS)http://semarc/name/28848 245 13$aIl fondamento ultimo della perfetta consustanzialitą del Figlio al Padre nel "De Trinitate" di S. Ilario di Poitiers. Potenza :$bTipografia Cappiello, 1948. ((Estratto della tesi di laurea in S. Teologia. 600 04$aIlario : di Poitiers .$0(OLS)http://semarc/subject/6166 650 4$aTesi di laurea.$0(OLS)http://semarc/subject/1690 650 4$aTrinitą.$0(OLS)http://semarc/subject/940 850 $aSeMil 852 $aSeMil$W1$xVenegono$y1$m2I V 4$j23049$B23049$CSeMilBibl$Z2$F23051 $81 996 $6245$aIl fondamento ultimo della perfetta consustanzialitą del Figlio al Padre nel "De Trinitate" di S. Ilario di Poitiers. Potenza :$bTipografia Cappiello, 1948. ((Estratto della tesi di laurea in S. Teologia.$9(OLS)http://semarc/title/88500